Statystyki dla 10 najmniejszych państw na świecie

Kliknij tutaj aby rozwiązać quiz!

Ogólne statystyki

  • Ten quiz został rozwiązany 28 razy
  • Średni wynik to 6 z 10

Statystyki odpowiedzi

powierzchniapaństwo% Poprawnych
0,44Watykan
100%
61,6San Marino
96%
160Liechtenstein
81%
1,95Monako
81%
21,3Nauru
54%
316Malta
46%
26Tuvalu
42%
181Wyspy Marshalla
35%
300Malediwy
23%
261Saint Kitts i Nevis
23%

Rozkład punktacji

Percentyl według liczby udzielonych odpowiedzi

Procent ludzi z każdym wynikiem

Twoja historia wyników

Nie rozwiązałeś tego quizu